Flow through open channels (Record no. 11092)

000 -LEADER
fixed length control field 00492nam a22001937a 4500
001 - CONTROL NUMBER
control field 11092
003 - CONTROL NUMBER IDENTIFIER
control field BD-DhUET
008 - FIXED-LENGTH DATA ELEMENTS--GENERAL INFORMATION
fixed length control field 150214b xxu||||| |||| 00| 0 eng d
040 ## - CATALOGING SOURCE
Original cataloging agency DLC
Transcribing agency DLC
Modifying agency BD-DhUET
082 ## - DEWEY DECIMAL CLASSIFICATION NUMBER
Classification number 627.01
Item number RAJ/1981
100 ## - MAIN ENTRY--PERSONAL NAME
Personal name Raju, K G Ranga
245 ## - TITLE STATEMENT
Title Flow through open channels
250 ## - EDITION STATEMENT
Edition statement Ist ed.
260 ## - PUBLICATION, DISTRIBUTION, ETC. (IMPRINT)
Place of publication, distribution, etc. New Delhi
Name of publisher, distributor, etc. Tata Mcgraw Hill
Date of publication, distribution, etc. 1981
300 ## - PHYSICAL DESCRIPTION
Extent x, 330p.
Other physical details illus.
504 ## - BIBLIOGRAPHY, ETC. NOTE
Bibliography, etc Includes bibliographies
650 #0 - SUBJECT ADDED ENTRY--TOPICAL TERM
Topical term or geographic name as entry element Open channel flow
942 ## - ADDED ENTRY ELEMENTS (KOHA)
Koha item type General Book
Holdings
Source of classification or shelving scheme Not for loan Withdrawn status Lost status Piece designation (barcode) Koha full call number Price effective from Copy number Shelving location Koha issues (times borrowed) Koha date last borrowed Date acquired Damaged status Location (home branch) Koha item type Koha date last seen Sublocation or collection (holding branch) Koha normalized classification for sorting
    57607627.01/RAJ/19812015-02-141Circulation section  2015-02-14 Central Library, BUETGeneral Book2017-05-27Central Library, BUET627_010000000000000_RAJ_1981
    56714627.01/RAJ/19812015-02-232Circulation section  2015-02-23 Central Library, BUETGeneral Book2015-02-23Central Library, BUET627_010000000000000_RAJ_1981
    56715627.01/RAJ/19812015-02-233Circulation section12018-01-272015-02-23 Central Library, BUETGeneral Book2018-02-03Central Library, BUET627_010000000000000_RAJ_1981
    77612627.01/RAJ/19812015-02-234Circulation section12018-07-172015-02-23 Central Library, BUETGeneral Book2025-04-22Central Library, BUET627_010000000000000_RAJ_1981